000 00800nas a2200253 4500
001 BR6200316
003 BR-BrBNA
005 20231205082147.0
007 ta
008 230509b bl.|||p| |||| 00| 00por d
040 _aBR-BrBNA
_bpor
_cBiblioteca Nacional de Agricultura
041 _a(Pt)
072 _aL70; L73
100 1 _aCorrea, O.
245 1 _aA vacinacao anti-rabica e os recentes acidentes vacinais ocorridos em Fortaleza [Brasil]
_bPalestra
650 _aIMUNOLOGIA
650 _aVACINA
650 _aRAIVA
650 _aACIDENTE
650 _aFORTALEZA
773 0 _tRevista da Faculdade de Agronomia e Veterinaria da Universidade do Rio Grande do Sul (Brazil)
_x
_g(Oct 1962), v. 5(3) p. 151-164
_wBR6200316
909 _a202311
_bLúcia
_c55
_dLúcia Elande
942 _2AGRIS
_n0
_cANA
999 _c89618
_d89618